Boobela and Worm (Record no. 241303)

MARC details
000 -LEADER
fixed length control field 00243nam a2200097Ia 4500
082 ## - DEWEY DECIMAL CLASSIFICATION NUMBER
Classification number EJF FRIE
008 - FIXED-LENGTH DATA ELEMENTS--GENERAL INFORMATION
fixed length control field 210817s9999 xx 000 0 und d
100 ## - MAIN ENTRY--PERSONAL NAME
Personal name Friedman, Joe London, 2009
9 (RLIN) 73616
245 #0 - TITLE STATEMENT
Title Boobela and Worm
942 ## - ADDED ENTRY ELEMENTS
item type Books
Holdings
Withdrawn status Lost status Damaged status Not for loan Home library Current library Date acquired Cost, normal purchase price Total Checkouts Barcode Date last seen Price effective from item type
        Evander Evander 18.08.2021 122.00   33228020798748 18.08.2021 18.08.2021 Books